000 00290nam a2200085Ia 4500
008 171024s2006 xx 000 0 und d
245 _aNational Environment Policy 2006
260 _aAhmedabad
_bMinistry of Environmental & Forests
_c2006
650 _aEco system
_aEnvironmental challenges - policy
999 _c110490
_d110490